<?xml version="1.0" encoding="UTF-8"?>
<record
    xmlns:xsi="http://www.w3.org/2001/XMLSchema-instance"
    xsi:schemaLocation="http://www.loc.gov/MARC21/slim http://www.loc.gov/standards/marcxml/schema/MARC21slim.xsd"
    xmlns="http://www.loc.gov/MARC21/slim">

  <leader>02379cam a22003015a 4500</leader>
  <controlfield tag="001">11008256</controlfield>
  <controlfield tag="005">20201128021328.0</controlfield>
  <controlfield tag="008">140331t2014    nyua   frb    001 0 eng d</controlfield>
  <datafield tag="020" ind1=" " ind2=" ">
    <subfield code="a">9780071825917 (hardback)</subfield>
  </datafield>
  <datafield tag="020" ind1=" " ind2=" ">
    <subfield code="a">0071825916</subfield>
  </datafield>
  <datafield tag="040" ind1=" " ind2=" ">
    <subfield code="a">DLC</subfield>
    <subfield code="b">eng</subfield>
    <subfield code="c">DLC</subfield>
    <subfield code="d">DLC</subfield>
    <subfield code="d">WaSeSS</subfield>
    <subfield code="d">EG-ScBUE</subfield>
  </datafield>
  <datafield tag="050" ind1=" " ind2="4">
    <subfield code="a">TS156</subfield>
    <subfield code="b">.D3876 2014</subfield>
  </datafield>
  <datafield tag="082" ind1="0" ind2="4">
    <subfield code="a">658.4013</subfield>
    <subfield code="2">22</subfield>
    <subfield code="b">DEF</subfield>
  </datafield>
  <datafield tag="100" ind1="1" ind2=" ">
    <subfield code="a">De Feo, Joseph A.</subfield>
    <subfield code="9">38393</subfield>
  </datafield>
  <datafield tag="245" ind1="1" ind2="0">
    <subfield code="a">Juran's quality essentials :</subfield>
    <subfield code="b">for leaders /</subfield>
    <subfield code="c">Joseph A. Defeo, Joseph M. Juran.</subfield>
  </datafield>
  <datafield tag="260" ind1=" " ind2=" ">
    <subfield code="a">New York :</subfield>
    <subfield code="b">McGraw-hill Education,</subfield>
    <subfield code="c">c.2014.</subfield>
  </datafield>
  <datafield tag="300" ind1=" " ind2=" ">
    <subfield code="a">xx, 280 p. :</subfield>
    <subfield code="b">ill. ;</subfield>
    <subfield code="c">24 cm.</subfield>
  </datafield>
  <datafield tag="500" ind1=" " ind2=" ">
    <subfield code="a">Index : p. 267-280.</subfield>
  </datafield>
  <datafield tag="504" ind1=" " ind2=" ">
    <subfield code="a">Includes bibliographical references.</subfield>
  </datafield>
  <datafield tag="520" ind1=" " ind2=" ">
    <subfield code="a">"Dr. Juran's life work on quality--boiled down to a concise guide to creating a strong, successful, globally competitive enterprise Dr. Joseph Juran was a true visionary in the field of quality, and his words continue to inspire. One of his main mantras was "Take care of the quality, and the rest will take care of itself." This work is devoted to just that--taking care of the quality. In it, the Juran Institute team presents the leadership values, beliefs, and actions of top companies, and identifies the strategies that have resulted in measurable success. Juran's Quality Essentials offers succinct, field-tested methods applicable to any industry, from service to manufacturing, and includes realistic timetables of implementation. This unique resource describes three universal quality management methods: 1. designing innovative products and services; 2. creating breakthroughs in current performance; and 3. assuring repeatable and compliant processes.  Reveals how to align quality goals and methods to a company's strategic plan Provides a transformation model and roadmap  Demonstrates how executive leadership is the key to a company's quality revolution--and how to make quality happen. Filled with insider tips for staying adaptable and using a benchmark to sustain performance Shows how to apply planning, control, and improvement to quality leadership for competitive advantage "--</subfield>
  </datafield>
  <datafield tag="650" ind1=" " ind2="0">
    <subfield code="a">Quality control</subfield>
    <subfield code="x">Management.</subfield>
    <subfield code="2">BUEsh</subfield>
  </datafield>
  <datafield tag="650" ind1=" " ind2="7">
    <subfield code="a">Total quality management.</subfield>
    <subfield code="2">BUEsh</subfield>
    <subfield code="9">2364</subfield>
  </datafield>
  <datafield tag="651" ind1=" " ind2=" ">
    <subfield code="2">BUEsh</subfield>
  </datafield>
  <datafield tag="653" ind1=" " ind2=" ">
    <subfield code="b">BUSADM</subfield>
    <subfield code="c">June2015</subfield>
    <subfield code="c">August2015</subfield>
  </datafield>
  <datafield tag="655" ind1=" " ind2=" ">
    <subfield code="v">reading book</subfield>
    <subfield code="9">34232</subfield>
  </datafield>
  <datafield tag="700" ind1="1" ind2=" ">
    <subfield code="a">Juran, J. M.</subfield>
    <subfield code="q">(Joseph M.),</subfield>
    <subfield code="d">1904-2008</subfield>
  </datafield>
  <datafield tag="942" ind1=" " ind2=" ">
    <subfield code="2">ddc</subfield>
  </datafield>
  <datafield tag="999" ind1=" " ind2=" ">
    <subfield code="c">19846</subfield>
    <subfield code="d">19818</subfield>
  </datafield>
  <datafield tag="952" ind1=" " ind2=" ">
    <subfield code="0">0</subfield>
    <subfield code="1">0</subfield>
    <subfield code="2">ddc</subfield>
    <subfield code="4">0</subfield>
    <subfield code="7">0</subfield>
    <subfield code="8">Alahram</subfield>
    <subfield code="a">MAIN</subfield>
    <subfield code="b">MAIN</subfield>
    <subfield code="c">1ST</subfield>
    <subfield code="d">2015-06-23</subfield>
    <subfield code="e">purchase</subfield>
    <subfield code="g">300.00</subfield>
    <subfield code="h">339</subfield>
    <subfield code="l">1</subfield>
    <subfield code="m">1</subfield>
    <subfield code="o">658.4013 DEF</subfield>
    <subfield code="p">000038933</subfield>
    <subfield code="r">2025-07-15 00:00:00</subfield>
    <subfield code="s">2018-07-26</subfield>
    <subfield code="v">375.00</subfield>
    <subfield code="y">BB</subfield>
  </datafield>
</record>
